OEEC countries and India (Record no. 17533)

MARC details
000 -LEADER
fixed length control field 00436nam a2200145Ia 4500
082 ## - DEWEY DECIMAL CLASSIFICATION NUMBER
Classification number TL.0041
100 ## - MAIN ENTRY--AUTHOR NAME
Personal name Lokre, Shrinivas Laxman
245 #0 - TITLE STATEMENT
Title OEEC countries and India
260 ## - PUBLICATION, DISTRIBUTION, ETC. (IMPRINT)
Year of publication 0
Name of publisher Nagpur University
300 ## - PHYSICAL DESCRIPTION
Number of Pages 250p. + C D - 46
650 ## - SUBJECT ADDED ENTRY--TOPICAL TERM
Topical Term INDIA - FOREIGN ECONOMIC RELATIONS - EUROPEAN ECONOMIC COMMUNITY COUNTRIES
650 ## - SUBJECT ADDED ENTRY--TOPICAL TERM
Topical Term ORGANIZATION OF EUROPEAN ECONOMIC COUNTRIES
710 ## - ADDED ENTRY--CORPORATE NAME
Corporate name or jurisdiction name as entry element Deshpande, S.A
942 ## - ADDED ENTRY ELEMENTS (KOHA)
Koha item type Thesis
Source of classification or shelving scheme Dewey Decimal Classification
Holdings
Withdrawn status Lost status Damaged status Not for loan Home library Current library Date acquired Full call number Accession Number Price effective from Koha item type
        NASSDOC Library NASSDOC Library 08/10/2004 TL.0041 6372 18/04/2019 Thesis